000 00422nam a2200181Ia 4500
001 16257
005 20260306170256.0
008 260306t2009||||xx |||||||||||||| ||und||
041 _aESP
082 _a347.51
_bM93
100 _aMunguillo, Roberto A.
_eAUT
245 0 _aConflictos societarios
260 _c2009
300 _a479 páginas :
_c23 cm.
650 _aGEN
654 _aCDE
942 _cLIB
_dJUS
_fJUS
_2ddc
_n
999 _c16257
_d16257